[Event "Thane ARMS op 1st"]
[Site "Thane"]
[Date "2018.04.22"]
[Round "9"]
[White "Boricha, Ketan"]
[Black "Makone, Kaustubh"]
[Result "1/2-1/2"]
[WhiteElo "1981"]
[BlackElo "1246"]
[PlyCount "94"]
[EventDate "2018.04.21"]
[EventType "swiss (rapid)"]
[EventRounds "9"]
[EventCountry "IND"]
[SourceTitle "CBM 184 Extra"]
[Source "ChessBase"]
[SourceDate "2018.06.28"]
[SourceVersion "1"]
[SourceVersionDate "2018.06.28"]
[SourceQuality "1"]

1. e4 Nc6 2. Nf3 d6 3. d4 g6 4. Nc3 Bg7 5. Be3 Bd7 6. Qd2 e5 7. dxe5 Nxe5 8. Nxe5 dxe5 9. Bc4 Nf6 10. Bc5 b6 11. Be3 Bc6 12. Qxd8+ Rxd8 13. f3 0-0 14. Bb5 Bb7 15. 0-0 a6 16. Be2 Rd7 17. a4 Rfd8 18. Rfd1 Kf8 19. a5 Rxd1+ 20. Nxd1 b5 21. c4 c6 22. Rc1 Rc8 23. Nc3 Ke8 24. Bc5 Nd7 25. Bd6 Bf8 26. Bxf8 Nxf8 27. cxb5 cxb5 28. Na2 Rxc1+ 29. Nxc1 Ne6 30. Kf2 Kd7 31. Nd3 f6 32. b4 Kd6 33. Bd1 Nd4 34. Nc5 Bc8 35. Ke3 g5 36. g3 h6 37. Nd3 Be6 38. f4 Nc6 39. Bh5 Bc4 40. fxe5+ fxe5 41. Be8 Bxd3 42. Bxc6 Kxc6 43. Kxd3 Kd6 44. Ke3 Ke6 45. Kf3 h5 46. h3 Kf6 47. g4 h4 1/2-1/2

[Event "Mumbai Wealth op U13"]
[Site "Mumbai"]
[Date "2016.02.02"]
[Round "6"]
[White "Makone, Kaustubh"]
[Black "Kriti, Mayur Patel"]
[Result "0-1"]
[WhiteElo "1168"]
[BlackElo "1313"]
[PlyCount "68"]
[EventDate "2016.01.28"]
[EventType "swiss"]
[EventRounds "9"]
[EventCountry "IND"]
[SourceTitle "CBM 170 Extra"]
[Source "ChessBase"]
[SourceDate "2016.02.25"]
[SourceVersion "1"]
[SourceVersionDate "2016.02.25"]
[SourceQuality "1"]

1. e4 e5 2. Nf3 Nc6 3. Bc4 Nf6 4. d4 exd4 5. e5 d5 6. exf6 dxc4 7. Qe2+ Be6 8. fxg7 Bxg7 9. Ng5 Qd5 10. 0-0 0-0-0 11. Re1 Rhe8 12. Bd2 d3 13. cxd3 cxd3 14. Qe4 Qxe4 15. Nxe4 Bxb2 16. Nbc3 Bxa1 17. Rxa1 Nd4 18. Bg5 Nc2 19. Rb1 Rd4 20. Nf6 Rh8 21. Nb5 Ra4 22. Nc3 Ra3 23. Nfe4 Bxa2 24. Nxa2 Rxa2 25. Nc5 Nb4 26. Bf6 Re8 27. Bc3 a5 28. Bxb4 axb4 29. Nxd3 b3 30. g3 Ra3 31. Nc5 Re5 32. Nd3 Rb5 33. Kf1 Ra2 34. Nc1 Rc2 0-1